Main city states of Ancient Greece - Statistics

General Stats
  • This quiz has been taken 375 times
  • The average score is 5 of 8
Answer Stats
Hint Answer % Correct
Capital of modern day Greece Athens
100%
Dominant city state in the Peloponnesian League Sparta
97%
Port city demolished in the Roman Empire Corinth
66%
A city state that sided with Xerxes in the Persian war Thebes
63%
Located in modern day Sicily Syracuse
62%
Biggest modern day port city in France Massalia
59%
Situated on the Euripos strait at its narrowest point Chalcis
13%
This city state means city of the rowers in Ancient Greek Eretria
8%
No matching quizzes found
Score Distribution
Percent of People with Each Score
Percentile by Number Answered
Your Score History
You have not taken this quiz